000 00974nam0a2200301 4500
001 RU\NLR\BIBL_A\011806358
005 20181010161713.0
010 _a978-5-9955-1002-4
_92000
021 _aRU
_bКН-П-18-062952
_9КН-П-18-4532
035 _a(NLR Aleph) 011806358
035 _a(RuMoRGB)009728985
090 _a11894002
_c11894002
100 _a20181001d2018 k y0rusy50 ca
101 0 _arus
102 _aRU
105 _aa|||zzzz0|0zy
200 1 _aТак говорила Шанель
_e100 афоризмов великой женщины
210 _aМосква
_cЯуза
_d2018
215 _a125, [2] с.
_cил.
_d21
333 _a16+
600 1 _aШанель
_bК.
_f1883 - 1971
_gКоко
_91844949
_3RU\NLR\AUTH\66835546
686 1 _aЩ126.63(4Фр)6-8Шанель
700 1 _aШанель
_bК.
_f1883-1971
_gКоко
942 _cBOOK
980 _aNBR
980 _aNB